Statistics for F1 AND F2 DRIVERS SINCE 2017

Click here to take the quiz!

General Stats

  • This quiz has been taken 114 times
  • The average score is 131 of 285

Answer Stats

HintAnswer% Correct
Alfa Romeo Sauber | PREMA Racing | Scuderia FerrariCharles Leclerc
93%
Mercedes-AMG PetronasLewis Hamilton
93%
Alfa Romeo Racing | Mercedes-AMG PetronasValtteri Bottas
92%
McLaren F1 Team | Red Bull Racing | Renault F1 TeamDaniel Ricciardo
91%
Aston Martin Cognizant | Scuderia FerrariSebastian Vettel
91%
Red Bull RacingMax Verstappen
90%
Alfa Romeo Racing | Alfa Romeo Racing Orlen | Scuderia FerrariKimi Raikkonen
87%
Aston Martin Cognizant | BWT Racing Point | SportPesa Racing Point | Williams RacingLance Stroll
86%
Red Bull Racing | Scuderia AlphaTauri | Scuderia Toro RossoPierre Gasly
86%
ART Grand Prix | Mercedes-AMG Petronas | Williams RacingGeorge Russell
85%
Alpine F1 Team | Force India | Force India/Racing PointEsteban Ocon
84%
ART Grand Prix | DAMS | Red Bull Racing | +2 othersAlexander Albon
83%
McLaren F1 Team | Renault F1 Team | Scuderia Ferrari | Scuderia Toro RossoCarlos Sainz
83%
Alpine F1 Team | McLaren F1 TeamFernando Alonso
82%
BWT Racing Point | Force India | Force India/Racing Point | +2 othersSergio Perez
82%
Campos Racing | Carlin | McLaren F1 TeamLando Norris
80%
Haas F1 TeamKevin Magnussen
76%
DAMS | Williams RacingNicholas Latifi
76%
Carlin | Scuderia AlphaTauriYuki Tsunoda
72%
BWT Racing Point | Renault F1 TeamNico Hulkenberg
71%
PREMA Powerteam | Uralkali Haas F1 TeamMick Schumacher
69%
Alfa Romeo Sauber | Sauber F1 TeamMarcus Ericsson
53%
Haas F1 TeamRomain Grosjean
48%
ART Grand Prix | Hitech Grand Prix | Uralkali Haas F1 TeamNikita Mazepin
47%
PREMA PowerteamOscar Piastri
47%
Alfa Romeo Racing | Alfa Romeo Racing Orlen | Sauber F1 TeamAntonio Giovinazzi
45%
ART Grand Prix | PREMA Racing | Racing EngineeringNyck De Vries
45%
Scuderia AlphaTauri | Scuderia Toro RossoDaniil Kvyat
40%
Alfa Romeo Racing | UNI-VirtuosiGuanyu Zhou
40%
Alfa Romeo Racing Orlen | Williams RacingRobert Kubica
37%
Williams RacingFelipe Massa
36%
Scuderia Toro RossoBrendon Hartley
33%
Carlin | PREMA PowerteamJehan Daruvala
33%
ART Grand Prix | HWA RacelabTheo Pourchaire
32%
PREMA PowerteamDennis Hauger
31%
Charouz Racing SystemEnzo Fittipaldi
31%
McLaren F1 TeamStoffel Vandoorne
31%
ART Grand PrixFrederik Vesti
30%
Carlin | Hitech Grand PrixLiam Lawson
30%
ART Grand Prix | Campos Racing | HWA Racelab | Williams RacingJack Aitken
29%
ART Grand Prix | DAMS | Hitech Grand PrixMarcus Armstrong
28%
MP Motorsport | UNI-VirtuosiFelipe Drugovich
26%
MP Motorsport | UNI-VirtuosiJack Doohan
26%
Renault F1 TeamJolyon Palmer
26%
MP Motorsport | TridentRichard Verschoor
26%
Campos Racing | DAMS | TridentRoy Nissany
25%
Haas F1 TeamPietro Fittipaldi
24%
DAMS | Hitech Grand PrixJuri Vips
23%
Sauber F1 TeamPascal Wehrlein
23%
Campos Racing | MP Motorsport | TridentRalph Boschung
22%
MP MotorsportClement Novalak
21%
Carlin | HWA RacelabLogan Sargent
20%
PREMA PowerteamRobert Shwartzman
20%
ART Grand Prix | Williams RacingSergey Sirotkin
20%
Campos Racing | Trident | UNI-VirtuosiMarino Sato
18%
DAMSAyumu Iwasa
17%
BWT Arden | Carlin | DAMSDan Ticktum
17%
HWA Racelab | Van Amersfoort RacingJake Hughes
17%
Campos RacingOlli Caldwell
17%
Van Amersfoort RacingAmaury Cordeel
16%
Sauber Junior Team by Charouz | Trident | UNI-VirtuosiCallum Ilott
16%
HWA Racelab | MP Motorsport | Russian TimeArtem Markelov
15%
Sauber Junior Team by CharouzJuan Manuel Correa
15%
BWT ArdenTatiana Calderon
15%
BWT ArdenAnthoine Hubert
14%
Charouz Racing System | PREMA RacingAntonio Fuoco
14%
Campos Racing | Hitech Grand Prix | Russian Time | UNI-VirtuosiLuca Ghiotto
14%
DAMS | PREMA Powerteam | PREMA Racing | Pertamina ARDENSean Gelael
14%
ART Grand Prix | TridentChristian Lundgaard
13%
MP MotorsportMahaveer Raghunathan
13%
MP MotorsportJordan King
11%
Campos Racing | MP MotorsportRoberto Merhi
11%
TridentCalan Williams
10%
Charouz Racing SystemDavid Beckmann
10%
Carlin | Charouz Racing System | Racing EngineeringLouis Deletraz
10%
HWA RacelabAlessio Deledda
9%
ART Grand Prix | Carlin | MP MotorsportNobuharu Matsushita
9%
Carlin | DAMS | MP MotorsportSergio Sette Camara
9%
Campos Racing | TridentArjun Maini
8%
TridentBent Viscaal
8%
Charouz Racing SystemCem Bolukbasi
8%
DAMSOliver Rowland
8%
Charouz Racing SystemPedro Piquet
8%
MP MotorsportLirim Zendeli
7%
Campos RacingMatteo Nannini
7%
Campos RacingAlex Palou
6%
MP Motorsport | TridentGiuliano Alesi
6%
Campos Racing | Charouz Racing SystemGuilherme Samaia
6%
MP MotorsportPatricio O'Ward
6%
Campos RacingGianluca Petecof
5%
BWT ArdenMaximilian Gunther
5%
TridentNabil Jeffri
5%
MP MotorsportNiko Kari
5%
Pertamina ARDENNorman Nato
5%
TridentSergio Canamasas
5%
Campos RacingStefano Coletti
5%
TridentAlessio Lorandi
3%
Campos Racing | MP MotorsportDorian Boccolacci
3%
Racing EngineeringGustav Malja
3%
RAPAXJohnny Cecotto JR
3%
Sauber Junior Team by CharouzMatevos Isaakyan
3%
BWT ArdenNirei Fukuzumi
3%
TridentRaffaele Marciello
3%
RAPAXRene Binder
3%
Campos RacingRobert Visoiu
3%
TridentRyan Tveter
3%
TridentSantino Ferrucci
3%
Russian TimeTadasuke Makino
3%

Score Distribution

Percentile by Number Answered

Percent of People with Each Score

Your Score History

You have not taken this quiz